Sevillský zvodca a kamenný hosť /

Hlavní autor: Molina, Tirso de, asi 1571-1648
Další autoři: Hečko, Víťazoslav, 1919-1972
Jazyk: Slovenština
Vydáno: Bratislava : Slovenské divadelné a literárne zastupiteľstvo, 1963
Fyzický popis: 68 s.
Knihy
Uloženo v:
LEADER 00854nam a22002292a 4500
001 000955532
003 CZ BrMZK
005 20091110084725.0
007 ta
008 090715s1963 xo er|||||||||||slo d
040 |a OLA001  |b cze  |d BOA001 
041 1 |a slo  |h spa 
100 1 |a Molina, Tirso de,  |d asi 1571-1648  |7 jn19990005780  |4 aut 
245 1 0 |a Sevillský zvodca a kamenný hosť /  |c Gabriel Téllez ; zo španielskeho originála ... preložil Víťazoslav Hečko 
260 |a Bratislava :  |b Slovenské divadelné a literárne zastupiteľstvo,  |c 1963 
300 |a 68 s. 
700 1 |a Hečko, Víťazoslav,  |d 1919-1972  |7 ola2002150401  |4 trl 
765 0 |t Comedia del burlador de Sevilla  |9 Slovensky 
910 |a BOA001  |b 1-0506.924 
990 |a BK 
991 |b 200907 
996 7 |b 2619263192  |c 1-0506.924  |l MZK  |r Sklad / do 1 hodiny  |n 17  |w 001087647  |u 000010  |a 1  |e BOA001  |j MZK50  |s A